|
|
|
|
| LEADER |
01296nam a2200229 a 4500 |
| 001 |
61399159 |
| 008 |
101003m20092005caua b 001 0 eng d |
| 020 |
|
|
|a 9788131709412
|
| 040 |
|
|
|a WPG
|c WPG
|d WPG
|d EI1
|d DB-DhAAL
|
| 082 |
0 |
0 |
|a 001.64/25
|2 22
|
| 100 |
1 |
|
|a Galles, David.
|
| 245 |
1 |
0 |
|a Modern compiler design /
|c David Galles.
|
| 260 |
|
|
|a El Granada, CA ;
|a New Delhi :
|b Pearson Education,
|c 2005.[impression 2009]
|
| 300 |
|
|
|a 373 p. :
|b ill. ;
|c 28 cm. +
|e 1 CD-ROM (4 3/4 in.)
|
| 500 |
|
|
|a CD-ROM: Student CD for Modern compiler design, created by David Galles, c2005 Scott/Jones, Inc.
|
| 504 |
|
|
|a Includes bibliographical references and index.
|
| 541 |
1 |
|
|e 00021094
|
| 505 |
0 |
0 |
|a Introduction -- Lexical analysis -- Context-free grammars -- Top-down parsing -- Bottom-up parsing -- Abstract syntax trees -- Semantic analysis -- Creating assembly trees -- Code generation -- Memory management -- Object-oriented extensions -- A simpleJava reference manual -- How lexical analyzer generators work.
|
| 650 |
|
0 |
|a Compilers (Computer programs)
|
| 852 |
4 |
|
|a Ayesha Abed Library
|j General Shelf.
|
| 999 |
|
|
|c 9610
|d 9610
|
| 952 |
|
|
|0 0
|1 0
|2 ddc
|4 0
|6 001_642500000000000_GAL_2009
|7 0
|9 12228
|a BRACUL
|b BRACUL
|c GEN
|d 2010-10-03
|l 11
|m 60
|o 001.6425 GAL
|p 3010021094
|r 2025-12-07
|s 2025-11-19
|t 1
|w 2010-10-03
|y BK
|